La réponse termine par E - Statistiques

Statistiques générales
  • Ce quiz a été pris 391 fois
  • Le résultat moyen est 12 sur 20
Statistiques - réponses
Indices Réponses % Correct
Nombre de fois que sonne une cloche à midi Douze
99%
Accent ayant la forme d'un chapeau Circonflexe
92%
Mets consommé à la Chandeleur Crèpe
86%
Animal au très long cou Girafe
85%
Pays surnommé l'Hexagone France
84%
Il faut mélanger cette couleur avec du jaune pour obtenir de l'orange Rouge
84%
Homme religieux vivant dans un monastère Moine
77%
Si vous n'avez fait aucune erreur, vous en avez donné 19 jusqu'à maintenant Réponse
77%
Boisson japonaise alcoolisée à base de riz Saké
73%
Elle peut être Chasseur en Belgique, Worcestershire en Angleterre ou Bolognaise en Italie Sauce
64%
Mammifère à bec de canard, queue de castor, pattes de loutre et pondant des oeufs Ornithorynque
61%
Confiserie traditionnellement grillée autour d'un feu de camp Guimauve
57%
Fruit exotique contenant de nombreuses graines noires Papaye
55%
Prisme à six faces carrés Cube
54%
Personne ayant des difficulté à lire de près Presbyte
52%
Couteau principalement fabriqué dans une commune de l'Aveyron qui lui donne son nom Laguiole
33%
Spiritueux également appelé Fée Verte Absinthe
30%
Désigne quelque chose ayant trois pieds Tripode
30%
La déesse égyptienne Taouret représente cet animal Hippopotame
10%
Maladie contagieuse aussi appelée Peste Blanche Tuberculose
10%
Aucun quiz correspondant
Distribution des résultats
% des personnes avec chaque résultat
Percentile par nombre de réponses
Votre historique - résultats
Vous n’avez pas pris ce quiz